Wskazówki dla mlodych kierowników (menedzerów).

Dôležité upozornenia mladým manažérom. Činnosti vymedzujúce negatívny profil manažéra a komentár k nim. Chyby v riadení, ktorých sa dopúšťajú manažéri, ich pomenovanie a komentár. Podľa zahraničných prameňov spracoval B. Pelka.

Saved in:
Bibliographic Details
Format: Book Chapter
Language:Polish
Subjects:
Tags: Add Tag
No Tags, Be the first to tag this record!

MARC

LEADER 00000naa a2200000 4500
001 r008113
005 20221125122649.3
041 0 |a pol 
044 |a PL 
245 1 0 |a Wskazówki dla mlodych kierowników (menedzerów). 
520 |a Dôležité upozornenia mladým manažérom. Činnosti vymedzujúce negatívny profil manažéra a komentár k nim. Chyby v riadení, ktorých sa dopúšťajú manažéri, ich pomenovanie a komentár. Podľa zahraničných prameňov spracoval B. Pelka. 
610 2 0 |a manažment 
610 2 0 |a pracovníci riadiaci 
610 2 0 |a riadenie 
610 2 0 |a pracovníci vedúci 
610 2 0 |a práca riadiaca